00230nam a2200097Ia 4500008004100000100000900041245002400050260003400074942000700108999001700115190216s9999||||xx |||||||||||||| ||und|| aNull 0aUnderstanding Islam b"Progress Publishers, Moscow" cBK c21950d21950